Largest Country A-Z by Flag - Statistics

General Stats
  • This quiz has been taken 37 times
  • The average score is 23 of 24
Answer Stats
Picture Hint Answer % Correct
A Australia
100%
B Brazil
100%
C Canada
100%
F France
97%
G Germany
97%
H Honduras
97%
I India
97%
J Japan
97%
K Kazakhstan
97%
M Mexico
97%
O Oman
97%
Q Qatar
97%
R Russia
97%
S Saudi Arabia
97%
Y Yemen
97%
E Ethiopia
94%
L Libya
94%
N Niger
94%
U United States
94%
V Venezuela
94%
Z Zambia
94%
P Peru
92%
T Tanzania
92%
D D.R. Congo
89%
No matching quizzes found
Score Distribution
Percent of People with Each Score
Percentile by Number Answered
Your Score History
You have not taken this quiz